000 00261nam a2200121Ia 4500
100 _aBaker & Joseph
942 _cBK
654 _atools
245 _aCarbide cutting tools
260 _bAmerican Technical Society
_c2001
082 _a621.9
546 _aENGLISH
999 _c33313
_d33313